| 000 | 00720nam a22001937a 4500 | ||
|---|---|---|---|
| 999 |
_c61865 _d61865 |
||
| 005 | 20240530155439.0 | ||
| 008 | 240530s2012 enk||||| |||| 00| 0 eng d | ||
| 020 | _a9781781955956x | ||
| 041 | _aeng | ||
| 080 | _a338.48 H-22 | ||
| 245 |
_aHandbook of Research Methods in Tourism: _bQuantitative and Qualitative Approaches / |
||
| 264 |
_aCheltenham : _bEdward Elgar Publishing _c2012. |
||
| 300 |
_a514 p.; _b25 cm. |
||
| 653 | _aტურიზმის კვლევის მეთოდები | ||
| 700 |
_aDwyer, Larry _eრედაქტორი _915943 |
||
| 700 |
_aGill, Alison _eრედაქტორი _915944 |
||
| 700 |
_aSeetaram, Neelu _eრედაქტორი _922247 |
||
| 942 |
_2udc _cBK |
||